| 000 | 01113cam a2200193 4500500 | ||
|---|---|---|---|
| 005 | 20251228052323.0 | ||
| 041 | _afre | ||
| 042 | _adc | ||
| 100 | 1 | 0 |
_aVillemin, Laurent _eauthor |
| 245 | 0 | 0 | _aJournal conciliaire de Monseigneur Émile Blanchet |
| 260 | _c2012. | ||
| 500 | _a52 | ||
| 520 | _aRésuméMgr Émile Blanchet (1886-1967), recteur de l’Institut Catholique de Paris en 1962, participe au Concile Vatican II. Arrivé à Rome le 9 octobre 1962 avec l’ensemble des pères conciliaires français, il entreprend la rédaction d’un journal tenu quotidiennement durant les sessions conciliaires, rédigé dans huit cahiers conservés aux Archives de l’Institut Catholique de Paris. La relation de la première session, qui se tient du 11 octobre au 8 décembre 1962, est présentée dans cet article. | ||
| 690 | _aconcile Vatican II | ||
| 690 | _aMonseigneur Blanchet | ||
| 690 | _apères conciliaires | ||
| 786 | 0 | _nTransversalités | 121 | 1 | 2012-03-01 | p. 13-102 | 1286-9449 | |
| 856 | 4 | 1 | _uhttps://shs.cairn.info/revue-transversalites-2012-1-page-13?lang=fr&redirect-ssocas=7080 |
| 999 |
_c1583315 _d1583315 |
||